000 00667nam a22002177a 4500
001 00028851
005 20260423145901.0
008 260423b ag ||||| |||| 00| 0 spa d
040 _aAR-CcCEOS
_bspa
_cAR-CcCEOS
041 _aspa
080 _a930.9
090 _bVEN t.5
100 1 _aVenard, Marc,
_d1929-
_91105
245 _aEl mundo y su historia V :
_bLos comienzos del mundo moderno (Siglos XVI y XVII) /
_cMarc Venard
250 _a1ยช ed.
264 _aBarcelona :
_bArgos,
_c1970.
300 _a613 p. ;
_c24x18 cm.
490 _vHistoria Universal ; t.5 LOS COMIENZOS DEL MUNDO MODERNO
650 0 _aHISTORIA UNIVERSAL
_91103
942 _2udc
_cBK
_n0
999 _c28892
_d28892